The collector /

Far from the auction halls of the elite, The Collector seeks out rare and mysterious artifacts across the world. At home in the salons of Paris as he is in the jungles of Borneo, The Collector is a man who has dedicated his life to finding objects very special and almost unknown, which tracks throug...

Full description

Bibliographic Details
Main Author: Toppi, Sergio (Author, Illustrator)
Other Authors: Bennett, Deron (letterer.), Gauvin, Edward (Translator), Taylor, Rebecca (Graphic novel editor) (Editor), Murphy, Sean Gordon, 1980- (Author of introduction, etc.)
Format: Book
Language:English
Language Notes:Text in English.
Published: Los Angeles : Archaia, a division of Boom Entertainment, Inc., 2014.
Subjects:

MARC

Tag First Indicator Second Indicator Subfields
LEADER 00000cam a2200000Ii 4500
001 in00003491821
005 20151206125804.0
008 140210t20142014caua 6 000 1 eng d
015 |a GBB481269  |2 bnb 
016 7 |a 016815024  |2 Uk 
020 |a 9781608864218 
020 |a 1608864219 
020 |z 9781613982754  |q (eISBN) 
035 |a (OCoLC)ocn793580606 
040 |a BTCTA  |b eng  |e rda  |c BTCTA  |d BDX  |d UKMGB  |d ORX  |d YDXCP  |d OCLCQ  |d FXN  |d OCLCQ  |d ZCU  |d UtOrBLW 
041 1 |a eng  |h fre 
049 |a TXAM 
050 4 |a PN6767.T67  |b C65 2014 
082 0 4 |a 741.5/973  |2 23 
100 1 |a Toppi, Sergio,  |e author,  |e illustrator. 
240 1 0 |a Le Collectionneur.  |l English 
245 1 4 |a The collector /  |c written & illustrated by Sergio Toppi ; lettered by Deron Bennett ; translated by Edward Gauvin ; design by Scott Newman ; edited by Rebecca Taylor ; featuring a foreword by Sean Gordon Murphy. 
264 1 |a Los Angeles :  |b Archaia, a division of Boom Entertainment, Inc.,  |c 2014. 
264 4 |c ©2014 
300 |a 1 volume (unnumbered) :  |b chiefly illustrations ;  |c 29 cm 
336 |a text  |b txt  |2 rdacontent 
336 |a still image  |b sti  |2 rdacontent 
337 |a unmediated  |b n  |2 rdamedia 
338 |a volume  |b nc  |2 rdacarrier 
546 |a Text in English. 
500 |a "Originally published in France as Le Collectionneur (intégrate)"--Preliminary page. 
520 |a Far from the auction halls of the elite, The Collector seeks out rare and mysterious artifacts across the world. At home in the salons of Paris as he is in the jungles of Borneo, The Collector is a man who has dedicated his life to finding objects very special and almost unknown, which tracks through his research in a variety of locations. But beware, a man who comes into possession of such items does not hesitate to use any means without scruple. Set against the backdrop of late 19th-century colonialism, The Collector is a delightful, swashbuckling adventure by a master of European comic books - Sergio Toppi! 
650 0 |a Adventure and adventurers  |v Comic books, strips, etc. 
650 0 |a Antiquities  |v Comic books, strips, etc. 
655 7 |a Graphic novels.  |2 lcgft 
655 7 |a Comic books, strips, etc.  |2 gsafd 
700 1 |a Bennett, Deron,  |e letterer. 
700 1 |a Gauvin, Edward,  |e translator. 
700 1 |a Newman, Scott  |c (Graphic novel artist),  |e book designer. 
700 1 |a Taylor, Rebecca  |c (Graphic novel editor),  |e editor. 
700 1 |a Murphy, Sean Gordon,  |d 1980-  |e author of introduction, etc. 
948 |a cataloged  |b h  |c 2015/2/16  |d c  |e ceaton  |f 11:54:11 am 
994 |a C0  |b TXA 
999 |a MARS 
999 f f |s 4be35cd6-3c3a-35b1-ab6b-c26739b371dd  |i e3fffbee-ff8d-3464-966f-eb493d09b65a  |t 0 
952 f f |p normal  |a Texas A&M University  |b College Station  |c Sterling C. Evans Library  |s Evans stk  |d Evans: Library Stacks  |t 0  |e PN6767.T67 C65 2014  |h Library of Congress classification  |i unmediated -- volume  |m A14843036584 
998 f f |a PN6767.T67 C65 2014  |t 0  |l Evans: Library Stacks